000 00204nam a2200085Ia 4500
008 170620s9999 xx 000 0 und d
100 _aCommercial
245 4 _aThe Industrial Disputes act
260 _bCentral Law Pub.
260 _c2001
999 _c28565
_d28565